000 00561nam a2200193Ia 4500
005 20260429112255.0
008 260429s9999||||xx |||||||||||||| ||und||
020 _a9781319541798
041 _aEnglish
082 _a150.23
_bDUN
100 _aDunn, Dana S.
245 0 _aPsychology major's companion :
_beverything you need to know to get where you want to go /
_cDana S. Dunn
250 _a1st ed.
260 _aNew York :
_bWorth Publishers,
_c2024.
300 _axx, 310 p.; pbk
650 _aPsychology
700 _a Halonen, Jane S.
942 _cTB
999 _c53248
_d53248